000 00712cab a2200229 4500
001 X3416
008 090401t1996 xxu||||| |||| 00| 0 eng d
035 _a(Sirsi) u30359
041 _aeng
245 _aClients` money: a reminder
260 _c1996
350 _a0
490 _aCSM (Chartered Surveyor Monthly)
_v5(7) April 1996, 6(1)
520 _aA reminder of the RICS regulations on the handling of clients` money, as they apply to livestock auctioneers.
650 _aACCOUNTS REGULATIONS
650 _aCLIENTS MONEY
650 _aLIVESTOCK AUCTIONEERS
690 _aAuctioneering
_96218
690 _aMANAGEMENT-BUSINESS MANAGEMENT-PROFESSIONAL PRACTICE
942 _n0
948 _c04/03/1997
999 _c20459
_d20459